000 00438ntaaa2200181 4500
003 01
005 20251027202522.0
008 0714s1973 ag 01
040 _aAR-BaBN
_bspa
_cAR-BaBN
_eaacr
_dRIC
082 _a234.2000 V54
100 _aVela, Casimiro
_924158
245 _aLa Fe que salva
250 _a1 ed.
260 _aBuenos Aires :
_bSeminario Evangélico Bautista,
_cn.f.
300 _a21 p.
500 _aTesis
942 _cBK
999 _c20219
_d20219